[Event "25.Schlosspark-Open"]
[Site "Wiesbaden-Biebrich"]
[Date "2013.08.23"]
[Round "2.54"]
[White "Herda, Christoph"]
[Black "Klimshin, Ilia"]
[Result "1/2-1/2"]
[WhiteElo "1917"]
[BlackElo "1723"]
[PlyCount "49"]
[EventDate "2013.??.??"]
[WhiteTeam "SVG Lauterbach"]
[BlackTeam "vereinslos"]

1. Nc3 d5 2. e4 dxe4 3. Nxe4 Bf5 4. Ng3 Bg6 5. Nf3 Nf6 6. Ne5 Nbd7 7. Nxg6 hxg6
8. d4 e6 9. Bd3 Bd6 10. Qf3 c6 11. Bf4 Qc7 12. Bxd6 Qxd6 13. c3 O-O-O 14. Bc2
Nb6 15. O-O-O Nbd5 16. Ne4 Nxe4 17. Bxe4 Nf6 18. h3 Nxe4 19. Qxe4 Qd5 20. Qxd5
Rxd5 21. Rde1 Rdh5 22. Re5 Kd7 23. Rhe1 Ke7 24. Kd2 Rd8 25. Rxh5 1/2-1/2

[Event "25.Schlosspark-Open"]
[Site "Wiesbaden-Biebrich"]
[Date "2013.08.23"]
[Round "2.55"]
[White "Schöber, Sebastian"]
[Black "Fröhlich-Dill, Astrid"]
[Result "1-0"]
[WhiteElo "1730"]
[BlackElo "1904"]
[PlyCount "111"]
[EventDate "2013.??.??"]
[WhiteTeam "SC Rochade 69 Diez e. V."]
[BlackTeam "SV 1920 Hofheim"]

1. c4 c5 2. g3 Nf6 3. Bg2 Nc6 4. b3 e6 5. Bb2 d5 6. cxd5 exd5 7. Nf3 d4 8. O-O
Be7 9. d3 O-O 10. Nbd2 Be6 11. Rc1 Rc8 12. Nc4 Nd5 13. a4 f5 14. e3 Bf6 15.
exd4 Nxd4 16. Re1 Re8 17. Nxd4 Bxd4 18. Qf3 Nb4 19. Bxd4 Qxd4 20. Re3 Bxc4 21.
Rxe8+ Rxe8 22. dxc4 b6 23. Qxf5 Rf8 24. Bd5+ Nxd5 25. Qxd5+ Qxd5 26. cxd5 Rd8
27. Rd1 Kf7 28. f4 Ke7 29. Re1+ Kd7 30. Kf2 Rf8 31. Re5 Rf6 32. Rg5 g6 33. Re5
h6 34. Ke3 Kd6 35. h4 h5 36. Kd3 a6 37. Kc4 Kd7 38. a5 b5+ 39. Kxc5 Rf8 40. Re6
Rc8+ 41. Rc6 Re8 42. Rxa6 Re3 43. Rxg6 Rxb3 44. Rg7+ Kc8 45. Kb6 b4 46. a6 Ra3
47. a7 b3 48. Rc7+ Kd8 49. Rc1 b2 50. Rb1 Rb3+ 51. Kc6 Ra3 52. Rxb2 Rxa7 53.
Rb8+ Ke7 54. d6+ Ke6 55. Re8+ Kf7 56. d7 1-0

[Event "25.Schlosspark-Open"]
[Site "Wiesbaden-Biebrich"]
[Date "2013.08.23"]
[Round "2.56"]
[White "Gauer, Jakob"]
[Black "Diehl, Stefan"]
[Result "0-1"]
[WhiteElo "1898"]
[BlackElo "1699"]
[PlyCount "124"]
[EventDate "2013.??.??"]
[WhiteTeam "SC Ostfildern 1952 e.V."]
[BlackTeam "SC 1910 Höchst"]

1. e4 d5 2. exd5 Qxd5 3. Nc3 Qa5 4. d4 Nf6 5. Nf3 Bf5 6. Bd2 c6 7. Bc4 e6 8.
Nd5 Qd8 9. Nxf6+ gxf6 10. Be3 Nd7 11. Bd3 Bg6 12. Qd2 Nb6 13. O-O-O Qd5 14. Kb1
Nc4 15. Qc3 Nb6 16. Qb3 Qxb3 17. axb3 Nd5 18. Rhe1 O-O-O 19. h3 Nxe3 20. fxe3
Rg8 21. g4 Bd6 22. Rf1 Be7 23. e4 h5 24. Rg1 hxg4 25. hxg4 Bf8 26. c3 c5 27. e5
Bxd3+ 28. Rxd3 fxe5 29. Nxe5 f6 30. Nf3 cxd4 31. Rxd4 Rxd4 32. Nxd4 Bc5 33. Rf1
Bxd4 34. cxd4 Rg6 35. Kc2 Kd7 36. Rf4 Ke7 37. Kc3 Rg8 38. Re4 Rc8+ 39. Kd3 Rd8
40. Kc4 Rc8+ 41. Kd3 Kd6 42. Rf4 Rf8 43. Kc4 b6 44. b4 a6 45. b5 a5 46. b3 Ke7
47. Re4 Rd8 48. Rf4 Rd5 49. Re4 Rg5 50. Rf4 e5 51. Re4 Kd6 52. dxe5+ fxe5 53.
b4 a4 54. Kc3 Rg7 55. Rc4 Rc7 56. g5 Rxc4+ 57. Kxc4 Ke6 58. g6 Kf6 59. Kd5 a3
60. g7 Kxg7 61. Kxe5 a2 62. Kd6 a1=Q 0-1

[Event "25.Schlosspark-Open"]
[Site "Wiesbaden-Biebrich"]
[Date "2013.08.23"]
[Round "2.57"]
[White "Günther, Rainer"]
[Black "Lanz, Udo"]
[Result "1/2-1/2"]
[WhiteElo "1707"]
[BlackElo "1896"]
[PlyCount "133"]
[EventDate "2013.??.??"]
[WhiteTeam "SV Mainz-Mombach"]
[BlackTeam "SC Eberbach"]

1. e4 c6 2. d4 d5 3. e5 Bf5 4. Nf3 e6 5. Be3 Qb6 6. Qc1 Nd7 7. Be2 c5 8. c3 f6
9. O-O fxe5 10. Nxe5 Ngf6 11. Nd2 Rc8 12. Nxd7 Nxd7 13. Nf3 Bd6 14. Qd2 O-O 15.
Nh4 Qc7 16. g3 Bh3 17. Rfe1 Nf6 18. Qd1 Ne4 19. Bg4 Bxg4 20. Qxg4 Rce8 21. Rad1
Qf7 22. Rf1 cxd4 23. Bxd4 b6 24. f4 Bc5 25. Bxc5 bxc5 26. Nf3 Qb7 27. Rb1 Qb6
28. Kg2 Qa6 29. Rfe1 Qxa2 30. Kg1 Qb3 31. Ng5 Nxg5 32. fxg5 Qc2 33. Qe2 Qxe2
34. Rxe2 e5 35. Ra1 Rf7 36. Ra5 Rc7 37. b3 e4 38. Kf2 d4 39. cxd4 cxd4 40. Rd5
d3 41. Re3 Rc2+ 42. Ke1 Rb2 43. Rdxd3 exd3 44. Rxe8+ Kf7 45. Rd8 Rxb3 46. Rd7+
Kg6 47. Rxa7 Rb2 48. h4 Rg2 49. h5+ Kxg5 50. Rxg7+ Kh6 51. Rd7 Rxg3 52. Kd2 Rh3
53. Rd5 Rxh5 54. Rd6+ Kg5 55. Kxd3 Kf4 56. Rf6+ Kg4 57. Rf7 h6 58. Rg7+ Rg5 59.
Rf7 h5 60. Ke2 h4 61. Rf8 Kg3 62. Rf3+ Kg4 63. Rf8 h3 64. Kf2 Rg6 65. Kg1 Kg3
66. Kh1 Rg4 67. Ra8 1/2-1/2

[Event "25.Schlosspark-Open"]
[Site "Wiesbaden-Biebrich"]
[Date "2013.08.23"]
[Round "2.58"]
[White "Bangert, Udo"]
[Black "Triantafillidis, Zoe"]
[Result "0-1"]
[WhiteElo "1895"]
[BlackElo "1691"]
[PlyCount "46"]
[EventDate "2013.??.??"]
[WhiteTeam "SG Stern Stuttgart"]
[BlackTeam "SF HN-Biberach 1978 e.V."]

1. b3 e5 2. Bb2 Nc6 3. e3 d5 4. Bb5 Bd6 5. f4 f6 6. fxe5 fxe5 7. Nf3 Qe7 8.
Bxc6+ bxc6 9. Nxe5 Qg5 10. Nf3 Qg6 11. O-O Nf6 12. Be5 Bg4 13. Bxd6 cxd6 14.
Nc3 O-O 15. Ne2 Nh5 16. Kh1 Bxf3 17. Rxf3 Rxf3 18. gxf3 Rf8 19. f4 Qe4+ 20. Kg1
Rf6 21. Ng3 Nxg3 22. hxg3 Rh6 23. d3 Qh1+ 0-1

[Event "25.Schlosspark-Open"]
[Site "Wiesbaden-Biebrich"]
[Date "2013.08.23"]
[Round "2.59"]
[White "Lessmann, Sven"]
[Black "Paschmann, Stefan"]
[Result "1/2-1/2"]
[WhiteElo "1697"]
[BlackElo "1886"]
[PlyCount "54"]
[EventDate "2013.??.??"]
[WhiteTeam "SC Bad Soden"]
[BlackTeam "Krefelder SK Turm 1851 e"]

1. d4 d5 2. c4 c6 3. Nf3 Nf6 4. Nc3 dxc4 5. a4 Bf5 6. Ne5 Nbd7 7. Nxc4 Nb6 8.
Ne5 e6 9. e3 Bb4 10. Bd3 Bxd3 11. Nxd3 Be7 12. O-O a5 13. b3 O-O 14. Bb2 Nbd5
15. Ne5 Qc7 16. Rc1 Nxc3 17. Rxc3 Bd6 18. Rc2 Bxe5 19. dxe5 Rfd8 20. Qf3 Nd5
21. Rc4 Qb6 22. e4 Nb4 23. Rc3 Rd7 24. Bc1 Qd8 25. Qe2 Nd3 26. f4 Nxc1 27.
Rfxc1 Rd2 1/2-1/2

[Event "25.Schlosspark-Open"]
[Site "Wiesbaden-Biebrich"]
[Date "2013.08.23"]
[Round "2.60"]
[White "Beck, Andreas"]
[Black "Spinnler, Wolfgang"]
[Result "1/2-1/2"]
[WhiteElo "1884"]
[BlackElo "1683"]
[PlyCount "134"]
[EventDate "2013.??.??"]
[WhiteTeam "TSV Germania 1900 Malschenberg"]
[BlackTeam "SC Landskrone"]

1. e4 d5 2. exd5 Qxd5 3. Nc3 Qd6 4. d4 Nf6 5. Nge2 a6 6. Bf4 Qd8 7. Qd2 e6 8.
O-O-O c6 9. Kb1 Bb4 10. Qd3 Bd6 11. Bg5 Be7 12. Ng3 Nd5 13. Bxe7 Nxc3+ 14. Qxc3
Qxe7 15. Ne4 O-O 16. Qg3 Nd7 17. Bd3 Nf6 18. Ng5 g6 19. h4 Nh5 20. Qe3 f6 21.
Nf3 f5 22. Ng5 Bd7 23. Bc4 Rae8 24. Rde1 Rf6 25. Qe5 h6 26. Nh3 Kh7 27. Nf4
Nxf4 28. Qxf4 Qb4 29. Qe5 Qe7 30. f4 Bc8 31. Rh3 h5 32. Rhe3 Kh6 33. Be2 Qg7
34. Bf3 Rf7 35. Qxg7+ Rxg7 36. d5 cxd5 37. Bxd5 Rge7 38. Re5 Kg7 39. Bb3 Kf6
40. Ba4 Rd8 41. c3 b5 42. Bb3 Rd2 43. R1e2 Rxe2 44. Rxe2 e5 45. fxe5+ Rxe5 46.
Rxe5 Kxe5 47. Bf7 Kf6 48. Be8 Bb7 49. g3 Bf3 50. Kc1 g5 51. Kd2 gxh4 52. gxh4
f4 53. a4 bxa4 54. Bxa4 Ke5 55. Bc2 a5 56. Ke1 Bg4 57. Kf2 Be6 58. b4 axb4 59.
cxb4 Kd4 60. Kf3 Kc4 61. Bg6 Kxb4 62. Kxf4 Kc5 63. Kg5 Kd6 64. Bxh5 Ke7 65. Bg6
Bg8 66. Kh6 Kf8 67. h5 Bd5 1/2-1/2

[Event "25.Schlosspark-Open"]
[Site "Wiesbaden-Biebrich"]
[Date "2013.08.23"]
[Round "2.61"]
[White "Lorenz, Hermann"]
[Black "Launert, Martin"]
[Result "1-0"]
[WhiteElo "1673"]
[BlackElo "1882"]
[PlyCount "77"]
[EventDate "2013.??.??"]
[WhiteTeam "Sfr.Mainz 1928"]
[BlackTeam "Sfr.Erbach"]

1. c4 Nf6 2. g3 c6 3. Bg2 d5 4. Nf3 g6 5. O-O Bg7 6. d4 O-O 7. cxd5 cxd5 8. Nc3
Nc6 9. Bf4 Bg4 10. Ne5 Bf5 11. h3 Ne4 12. Rc1 Rc8 13. g4 Nxc3 14. Rxc3 Be6 15.
e3 f6 16. Nd3 Bf7 17. Qc1 e5 18. Bg3 exd4 19. Rc5 dxe3 20. Qxe3 Re8 21. Qd2 Nd4
22. Rxc8 Qxc8 23. Nf4 f5 24. g5 b6 25. h4 Qa6 26. b3 Ne2+ 27. Kh2 Nxf4 28. Bxf4
Re2 29. Qd1 Qxa2 30. Kg1 d4 31. Bf3 Re8 32. Bc6 Bxb3 33. Qf3 Rd8 34. Bb7 Bd5
35. Bxd5+ Qxd5 36. Qa3 Rd7 37. Re1 Kf7 38. Qa6 Qa5 39. Qe2 1-0

[Event "25.Schlosspark-Open"]
[Site "Wiesbaden-Biebrich"]
[Date "2013.08.23"]
[Round "2.62"]
[White "Thomele, Michael"]
[Black "Binfet, Daniel"]
[Result "1-0"]
[WhiteElo "1882"]
[BlackElo "1670"]
[PlyCount "61"]
[EventDate "2013.??.??"]
[WhiteTeam "SC 1959 Obernau"]
[BlackTeam "TuS Makkabi Wiesbaden"]

1. e4 e5 2. Nf3 Nc6 3. Nc3 Nf6 4. d4 exd4 5. Nxd4 Bb4 6. Nxc6 Bxc3+ 7. bxc3
bxc6 8. Bd3 d5 9. exd5 cxd5 10. O-O O-O 11. Bg5 h6 12. Bh4 Qd6 13. Re1 Be6 14.
Bxf6 gxf6 15. Qh5 Qf4 16. Re3 Kh8 17. Rae1 Rg8 18. Rg3 c5 19. Ree3 Rab8 20. Qd1
c4 21. Bf1 Rb2 22. Ref3 Qe5 23. Qc1 Rxg3 24. Qxh6+ Kg8 25. Rxg3+ Qxg3 26. fxg3
Rxc2 27. Qxf6 Rxa2 28. h4 d4 29. h5 Ra5 30. h6 Kf8 31. Qd8# 1-0

[Event "25.Schlosspark-Open"]
[Site "Wiesbaden-Biebrich"]
[Date "2013.08.23"]
[Round "2.63"]
[White "Triantafillidis, Dimitrios"]
[Black "Kiechl, Stefan"]
[Result "1/2-1/2"]
[WhiteElo "1660"]
[BlackElo "1876"]
[PlyCount "117"]
[EventDate "2013.??.??"]
[WhiteTeam "SF HN-Biberach 1978 e.V."]
[BlackTeam "SK Kriegshaber"]

1. e4 d5 2. exd5 Nf6 3. Nc3 Nxd5 4. Nxd5 Qxd5 5. d4 Nc6 6. Nf3 Bg4 7. Be2 O-O-O
8. c3 e5 9. c4 Qe4 10. d5 Nb4 11. O-O Bxf3 12. Bxf3 Qxc4 13. Qa4 Qa6 14. Qb3
Bc5 15. Be4 Qb6 16. a3 Na6 17. Qh3+ Kb8 18. b4 Bd4 19. Rb1 g6 20. Bg5 f6 21.
Be3 Bxe3 22. fxe3 f5 23. Bd3 Rxd5 24. Bc4 Rd2 25. Kh1 Qd6 26. Qh6 Qc6 27. e4
Rhd8 28. Bd5 Qc2 29. Rbc1 Qd3 30. Qg5 Rxd5 31. exd5 Qxd5 32. Qg3 c6 33. Qf3 Nc7
34. Rcd1 Qxf3 35. gxf3 Rxd1 36. Rxd1 Nd5 37. b5 Kc7 38. bxc6 Kxc6 39. Re1 Kd6
40. Rc1 Nb6 41. Kg2 g5 42. Rd1+ Nd5 43. Rc1 Nb6 44. Kg3 h5 45. Rd1+ Nd5 46. Rc1
h4+ 47. Kf2 b5 48. Rg1 a5 49. Rxg5 b4 50. axb4 a4 51. Rxf5 Nxb4 52. Rf8 a3 53.
Rd8+ Kc5 54. Rd1 a2 55. Ke2 Nc2 56. Kd3 a1=Q 57. Rxa1 Nxa1 58. Ke4 Kd6 59. f4
1/2-1/2

[Event "25.Schlosspark-Open"]
[Site "Wiesbaden-Biebrich"]
[Date "2013.08.23"]
[Round "2.64"]
[White "Lukas, Sebastian"]
[Black "Hill, Michael"]
[Result "1-0"]
[WhiteElo "1872"]
[BlackElo "1621"]
[PlyCount "101"]
[EventDate "2013.??.??"]
[WhiteTeam "SC 1979 Hattersheim"]
[BlackTeam "Wiesbadener SV 1885"]

1. e4 c6 2. d4 d5 3. exd5 cxd5 4. Bd3 Nc6 5. c3 Nf6 6. Bf4 g6 7. Nf3 Bg7 8.
Nbd2 O-O 9. O-O Re8 10. Re1 Nh5 11. Be3 e5 12. dxe5 Nxe5 13. Bb5 Bd7 14. Bxd7
Qxd7 15. Nxe5 Rxe5 16. Nf3 Re7 17. Qb3 Nf6 18. Red1 Qc7 19. Bg5 Qc4 20. Bxf6
Qxb3 21. axb3 Bxf6 22. Rxd5 Rae8 23. Kf1 a6 24. Re1 Rxe1+ 25. Nxe1 Re6 26. Nd3
b6 27. Rd7 a5 28. Nf4 Re8 29. Nd5 Re6 30. Nxf6+ Rxf6 31. Ke2 Kg7 32. c4 Rc6 33.
Rd5 a4 34. Kd2 axb3 35. Kc3 Kf8 36. Kxb3 Ke7 37. Kb4 Re6 38. Rd2 Re5 39. Kc3 h5
40. b4 Ke6 41. Ra2 Kd6 42. Kd4 Rf5 43. f3 Rf4+ 44. Kc3 h4 45. Rd2+ Ke5 46. Rd5+
Ke6 47. Rd4 Ke5 48. Rxf4 Kxf4 49. c5 bxc5 50. bxc5 Ke5 51. Kc4 1-0

[Event "25.Schlosspark-Open"]
[Site "Wiesbaden-Biebrich"]
[Date "2013.08.23"]
[Round "2.65"]
[White "Wöhl, Torsten"]
[Black "Bolduan, Michael"]
[Result "1/2-1/2"]
[WhiteElo "1647"]
[BlackElo "1862"]
[PlyCount "49"]
[EventDate "2013.??.??"]
[WhiteTeam "SC Groß-Zimmern"]
[BlackTeam "SC Taunusstein 1966"]

1. e4 e6 2. d4 d5 3. exd5 exd5 4. Nc3 Nf6 5. Nf3 Bg4 6. Be2 Bd6 7. O-O O-O 8.
Bg5 c6 9. Ne5 Bxe2 10. Nxe2 Re8 11. Ng4 Nbd7 12. Nxf6+ Nxf6 13. Qd3 Be7 14.
Rae1 Qc7 15. Ng3 h6 16. Bxf6 Bxf6 17. c3 g6 18. f4 Rxe1 19. Rxe1 Qxf4 20. Rf1
Qd6 21. Qf3 Kg7 22. Qg4 Kh7 23. Qf3 Kg7 24. Qg4 Kh7 25. Qf3 1/2-1/2

[Event "25.Schlosspark-Open"]
[Site "Wiesbaden-Biebrich"]
[Date "2013.08.23"]
[Round "2.66"]
[White "Keymer, Vincent"]
[Black "Baumeister, Lutz"]
[Result "1-0"]
[WhiteElo "1861"]
[BlackElo "1617"]
[PlyCount "53"]
[EventDate "2013.??.??"]
[WhiteTeam "SK Gau-Algesheim"]
[BlackTeam "Wiesbadener SV 1885"]

1. e4 d5 2. exd5 Qxd5 3. Nc3 Qa5 4. d4 Nf6 5. Bd3 Nc6 6. Nge2 Bg4 7. f3 Bh5 8.
O-O O-O-O 9. Be3 Nd5 10. Nxd5 Qxd5 11. c4 Qd7 12. d5 Ne5 13. Nf4 Nxd3 14. Qxd3
Bg6 15. Qd4 b6 16. a4 e6 17. Qc3 a5 18. c5 Bxc5 19. Bxc5 bxc5 20. Qxa5 Qd6 21.
dxe6 fxe6 22. Rad1 Qc6 23. Rxd8+ Rxd8 24. Nxe6 Rd5 25. Nxc7 Rd4 26. Nb5 Rd3 27.
Na7+ 1-0

[Event "25.Schlosspark-Open"]
[Site "Wiesbaden-Biebrich"]
[Date "2013.08.23"]
[Round "2.67"]
[White "Rößler, Lukas Namgyu"]
[Black "Wolf, Gabriel"]
[Result "0-1"]
[WhiteElo "1604"]
[BlackElo "1859"]
[PlyCount "88"]
[EventDate "2013.??.??"]
[WhiteTeam "SK Mannheim-Lindenhof 1865"]
[BlackTeam "Vorw.Orient Mainz"]

1. e4 c5 2. Nf3 g6 3. d4 cxd4 4. Nxd4 Bg7 5. Be3 Nc6 6. Nc3 Nf6 7. Bc4 Qa5 8.
O-O O-O 9. Bb3 d6 10. h3 Bd7 11. f4 Nxd4 12. Bxd4 Bc6 13. Qf3 Rac8 14. Rae1 a6
15. Qe3 Nd7 16. Bxg7 Kxg7 17. Qd4+ Kg8 18. Bd5 Qb6 19. Qxb6 Nxb6 20. Rf2 Rfd8
21. Rd1 e6 22. Bxc6 bxc6 23. b3 d5 24. Rfd2 Kf8 25. Kf2 Ke7 26. g3 Nd7 27. Ke3
Nc5 28. exd5 cxd5 29. Rd4 Nb7 30. R1d3 Nd6 31. g4 Rc6 32. Rb4 Rdc8 33. Kd4 f5
34. gxf5 Nxf5+ 35. Ke5 Rxc3 36. Rxc3 Rxc3 37. Rb7+ Kd8 38. Kxe6 d4 39. Rxh7
Rxc2 40. Rd7+ Kc8 41. Rd5 Rxa2 42. h4 Rd2 43. Ke5 Nxh4 44. Rxd4 Nf3+ 0-1

[Event "25.Schlosspark-Open"]
[Site "Wiesbaden-Biebrich"]
[Date "2013.08.23"]
[Round "2.68"]
[White "Hipler, Andreas"]
[Black "Roth, Michael"]
[Result "1-0"]
[WhiteElo "1858"]
[BlackElo "1607"]
[PlyCount "51"]
[EventDate "2013.??.??"]
[WhiteTeam "SK Gau-Algesheim"]
[BlackTeam "SC Lerchenberg/ZMO"]

1. e4 e5 2. Nf3 Nc6 3. Bc4 Nd4 4. Nxd4 exd4 5. c3 c5 6. O-O Bd6 7. d3 Be5 8. f4
Bc7 9. cxd4 cxd4 10. Nd2 d6 11. Qa4+ Bd7 12. Qb3 Nh6 13. Qxb7 Bb6 14. Qd5 Bc7
15. Nf3 Rc8 16. f5 Rf8 17. Ng5 Qe7 18. f6 gxf6 19. Nxh7 Rh8 20. Nxf6+ Kd8 21.
Nxd7 Qxd7 22. Bg5+ Ke8 23. Bb5 Qxb5 24. Qxb5+ Kf8 25. Qd7 Kg7 26. Bf6+ 1-0

[Event "25.Schlosspark-Open"]
[Site "Wiesbaden-Biebrich"]
[Date "2013.08.23"]
[Round "2.69"]
[White "Budde, Michael"]
[Black "Künitz, Klaus"]
[Result "1-0"]
[WhiteElo "1845"]
[BlackElo "1535"]
[PlyCount "38"]
[EventDate "2013.??.??"]
[WhiteTeam "SC 1979 Hattersheim"]
[BlackTeam "TSV Schott Mainz"]

1. d4 f5 2. c4 Nf6 3. Nc3 e6 4. Qc2 Nc6 5. Nf3 d5 6. e3 Bb4 7. cxd5 Nxd5 8. Bb5
Bxc3+ 9. bxc3 Bd7 10. Ba3 Nce7 11. Bxd7+ Qxd7 12. Ne5 Qc8 13. c4 Nf6 14. Qa4+
c6 15. Rb1 Nd7 16. Qb4 c5 17. Qxb7 Qxb7 18. Rxb7 Nxe5 19. dxe5 Nc6 1-0

[Event "25.Schlosspark-Open"]
[Site "Wiesbaden-Biebrich"]
[Date "2013.08.23"]
[Round "2.70"]
[White "Happel, Jürgen"]
[Black "Englert, Fred"]
[Result "1/2-1/2"]
[WhiteElo "1552"]
[BlackElo "1841"]
[PlyCount "72"]
[EventDate "2013.??.??"]
[WhiteTeam "SV 1920 Hofheim"]
[BlackTeam "SK 1982 Klingenberg/Main"]

1. d4 d5 2. Bf4 Nf6 3. h3 g6 4. e3 Bg7 5. Nf3 O-O 6. Be2 c5 7. c3 Qb6 8. Qb3
Nbd7 9. Nbd2 Re8 10. Qxb6 axb6 11. O-O c4 12. b3 b5 13. Bd1 Nb6 14. Bc2 Be6 15.
Rfb1 Bd7 16. Ne5 Bc6 17. Nxc6 bxc6 18. a4 bxa4 19. bxa4 Ra6 20. Nf3 Nbd7 21.
Ne5 Nxe5 22. Bxe5 Nd7 23. Bxg7 Kxg7 24. Rb7 Nf6 25. f3 e6 26. Rab1 Rea8 27.
R7b6 R8a7 28. Kf2 h5 29. h4 Nd7 30. Rxa6 Rxa6 31. g4 hxg4 32. fxg4 Nb6 33. Ra1
Ra5 34. Kf3 Nd7 35. Kf4 Nb6 36. g5 Nc8 1/2-1/2

[Event "25.Schlosspark-Open"]
[Site "Wiesbaden-Biebrich"]
[Date "2013.08.23"]
[Round "2.71"]
[White "Liez, Franziska"]
[Black "Lehmann, Wolfgang"]
[Result "1/2-1/2"]
[WhiteElo "1841"]
[BlackElo "1482"]
[PlyCount "106"]
[EventDate "2013.??.??"]
[WhiteTeam "Biebertaler SF"]
[BlackTeam "Wiesbadener SV 1885"]

1. e4 c6 2. d4 d5 3. exd5 cxd5 4. Bd3 Nf6 5. c3 e6 6. Bf4 Bd6 7. Bxd6 Qxd6 8.
Nf3 O-O 9. O-O a6 10. Nbd2 Nbd7 11. Re1 b5 12. a3 Bb7 13. Ne5 Rfe8 14. Ndf3 Ne4
15. Nxd7 Qxd7 16. Ne5 Qe7 17. Qc2 f5 18. Qe2 Rac8 19. f3 Nf6 20. Bc2 Nd7 21.
Nd3 Qd6 22. f4 Nf6 23. Nc5 Qc6 24. Nd3 Ne4 25. Ne5 Qd6 26. Bxe4 fxe4 27. Qh5
Rf8 28. Rf1 Rf5 29. Qg4 Rcf8 30. Rae1 a5 31. Re3 Qe7 32. g3 Ba6 33. Rf2 b4 34.
axb4 axb4 35. Nc6 Qc7 36. Nxb4 Bc4 37. Qd1 Qb6 38. b3 Bb5 39. Nc2 Bd3 40. Nb4
Bb5 41. Nc2 Bd3 42. Ne1 Bb5 43. Ng2 R5f6 44. Qc1 Bd3 45. Rb2 Rc8 46. Qd2 Qc7
47. Ne1 Qxc3 48. Qxc3 Rxc3 49. b4 Rf8 50. Nxd3 exd3 51. Rd2 Rb8 52. Rdxd3 Rxd3
53. Rxd3 Rxb4 1/2-1/2

[Event "25.Schlosspark-Open"]
[Site "Wiesbaden-Biebrich"]
[Date "2013.08.23"]
[Round "2.72"]
[White "Künne, Lutz Dieter"]
[Black "Bogucanin, Mirsad"]
[Result "0-1"]
[WhiteElo "1542"]
[BlackElo "1837"]
[PlyCount "52"]
[EventDate "2013.??.??"]
[WhiteTeam "Kings Club 98 Jena"]
[BlackTeam "VSG 1880 Offenbach"]

1. e4 e5 2. Nf3 Nc6 3. Bb5 a6 4. Ba4 Nf6 5. O-O b5 6. Bb3 Be7 7. Re1 O-O 8. d3
d6 9. h3 Na5 10. c3 Nxb3 11. Qxb3 Be6 12. Qc2 c5 13. Nbd2 Qc7 14. Nf1 Nh5 15.
Ne3 g6 16. Nd5 Bxd5 17. exd5 Ng7 18. c4 f5 19. Bh6 Bf6 20. Ng5 Bxg5 21. Bxg5 f4
22. Bh6 f3 23. gxf3 Rxf3 24. Kg2 Nf5 25. Be3 Nh4+ 26. Kh2 Qd7 0-1

[Event "25.Schlosspark-Open"]
[Site "Wiesbaden-Biebrich"]
[Date "2013.08.23"]
[Round "2.73"]
[White "Goldschmidt, Andreas"]
[Black "Meier, Alexander"]
[Result "1-0"]
[WhiteElo "1836"]
[BlackElo "1390"]
[PlyCount "77"]
[EventDate "2013.??.??"]
[WhiteTeam "SC 1953 Ronneburg"]
[BlackTeam "FC 1934 Wiesbaden-Bierstadt"]

1. e4 d5 2. exd5 Nf6 3. d4 Nxd5 4. c4 Nf6 5. Nf3 c6 6. Nc3 Bf5 7. Be2 h6 8. O-O
e6 9. Bf4 Bd6 10. Be5 Bxe5 11. dxe5 Qxd1 12. Raxd1 Nfd7 13. Rfe1 O-O 14. h3 Nb6
15. a4 a5 16. Nd4 Bh7 17. Nb3 Bc2 18. Nc5 Bxd1 19. Rxd1 Ra7 20. b3 Na6 21. N3e4
Nxc5 22. Nxc5 Nc8 23. Bf3 Ne7 24. Rd7 Ng6 25. Nd3 Rc8 26. Bh5 Rb8 27. Bxg6 fxg6
28. Nf4 Re8 29. Nxg6 Kh7 30. Nf4 Raa8 31. Nh5 Kg6 32. g4 Rg8 33. Nf4+ Kg5 34.
Nxe6+ Kg6 35. f4 b6 36. f5+ Kh7 37. f6 Rge8 38. Rxg7+ Kh8 39. Nf4 1-0

[Event "25.Schlosspark-Open"]
[Site "Wiesbaden-Biebrich"]
[Date "2013.08.23"]
[Round "2.74"]
[White "Mehl, Ulrich"]
[Black "Koch, Thomas"]
[Result "1-0"]
[WhiteElo "1520"]
[BlackElo "1836"]
[PlyCount "61"]
[EventDate "2013.??.??"]
[WhiteTeam "SAbt TSG Nieder-Erlenbach 1888"]
[BlackTeam "SV 1934 Ffm-Griesheim"]

1. d4 f5 2. c4 d6 3. Nf3 Nf6 4. Nc3 g6 5. Bf4 Bg7 6. e3 O-O 7. Bd3 Nh5 8. Bg3
Nc6 9. Ne2 Qe8 10. e4 fxe4 11. Bxe4 Bf5 12. Bxf5 Rxf5 13. O-O Nxg3 14. Nxg3 Rf4
15. Ne2 Rf5 16. Ng3 Rf4 17. Ne2 Rf8 18. d5 Ne5 19. Nxe5 Bxe5 20. Qc2 c6 21. f4
Bg7 22. Rad1 e5 23. f5 Rf6 24. Ng3 gxf5 25. Nxf5 c5 26. Nxg7 Kxg7 27. Rxf6 Kxf6
28. Qxh7 Qh8 29. Rf1+ Kg5 30. Rf5+ Kg4 31. Qg6+ 1-0

[Event "25.Schlosspark-Open"]
[Site "Wiesbaden-Biebrich"]
[Date "2013.08.23"]
[Round "2.75"]
[White "Meaubert, Thomas"]
[Black "Schöneberger, Thomas"]
[Result "1-0"]
[WhiteElo "1834"]
[BlackElo "1382"]
[PlyCount "91"]
[EventDate "2013.??.??"]
[WhiteTeam "Sfr. Hochheim"]
[BlackTeam "SC 1979 Hattersheim"]

1. c4 e5 2. Nc3 c6 3. Nf3 d6 4. g3 Nf6 5. d3 h6 6. Bg2 Be6 7. Rb1 Qd7 8. h3 g5
9. h4 g4 10. Nd2 Qc7 11. e4 Nbd7 12. Nf1 O-O-O 13. Ne3 h5 14. b4 Nb6 15. Qb3
Rd7 16. a4 Kd8 17. a5 Nc8 18. Bd2 a6 19. Ke2 Bh6 20. Rbc1 Bxe3 21. Bxe3 Ke7 22.
Bg5 b6 23. Rhf1 Rg8 24. Kd2 bxa5 25. f4 exf4 26. Rxf4 Rxg5 27. hxg5 Nh7 28. Ra1
axb4 29. Qxb4 Nxg5 30. Ne2 c5 31. Qb2 Na7 32. Qf6+ Ke8 33. Qxg5 Qb6 34. Qf6 Nc6
35. Qc3 Nb4 36. Rff1 a5 37. Rh1 Ra7 38. Nf4 a4 39. Rxh5 Qa5 40. Nxe6 fxe6 41.
Rh8+ Kd7 42. Rh7+ Kc6 43. Rxa7 Qxa7 44. Qa3 Kb6 45. Qxa4 Qf7 46. Qb5+ 1-0

[Event "25.Schlosspark-Open"]
[Site "Wiesbaden-Biebrich"]
[Date "2013.08.23"]
[Round "2.77"]
[White "Löster, Mario"]
[Black "Siegismund, Florian"]
[Result "1/2-1/2"]
[WhiteElo "1431"]
[BlackElo "1813"]
[PlyCount "139"]
[EventDate "2013.??.??"]
[WhiteTeam "FC 1934 Wiesbaden-Bierstadt"]
[BlackTeam "SK Bad Schwalbach"]

1. e4 e6 2. Nf3 d5 3. exd5 exd5 4. d4 Bd6 5. Nc3 c6 6. g3 Nf6 7. Bg2 O-O 8. O-O
Bg4 9. Qd2 Nbd7 10. Re1 Qb6 11. a3 Rae8 12. Ne2 Ne4 13. Qd1 f5 14. b4 Qc7 15.
Qd3 Nb6 16. Nd2 Nc3 17. f3 Nxe2+ 18. Rxe2 Rxe2 19. Qxe2 Bh5 20. Nf1 f4 21. g4
Re8 22. Qf2 Bg6 23. h4 h6 24. h5 Bh7 25. c3 Qe7 26. Bd2 Nc4 27. Re1 Qf7 28.
Rxe8+ Qxe8 29. Bc1 Qe7 30. Bh3 b6 31. Nd2 Ne3 32. Nf1 Nc2 33. Kg2 c5 34. Qd2
cxd4 35. cxd4 Qe1 36. Qxe1 Nxe1+ 37. Kh1 Nxf3 38. Bg2 Nxd4 39. Bxd5+ Kf8 40.
Nd2 Bg8 41. Bxg8 Kxg8 42. Kg2 Kf7 43. Nf3 Ne6 44. Nh4 Nd4 45. Bb2 Nc2 46. Nf5
Bf8 47. Kf3 g5 48. hxg6+ Kxg6 49. Kxf4 a5 50. bxa5 bxa5 51. a4 Nb4 52. Nh4+ Kf7
53. Kf5 Nd3 54. Bd4 Bg7 55. Bb6 Bc3 56. Be3 Kg7 57. Ke4 Nb2 58. Nf5+ Kg6 59.
Bxh6 Nxa4 60. g5 Nc5+ 61. Kf4 Bd2+ 62. Kg4 Ne6 63. Nh4+ Kh7 64. Nf3 Bc3 65. Kf5
Ng7+ 66. Bxg7 Kxg7 67. Ke4 a4 68. Kd3 Bb4 69. Kc2 a3 70. Kb3 1/2-1/2

[Event "25.Schlosspark-Open"]
[Site "Wiesbaden-Biebrich"]
[Date "2013.08.23"]
[Round "2.78"]
[White "Zeyen, Helmut"]
[Black "Busch, Günther"]
[Result "1-0"]
[WhiteElo "1808"]
[BlackElo "1297"]
[PlyCount "120"]
[EventDate "2013.??.??"]
[WhiteTeam "Wiesbadener SV 1885"]
[BlackTeam "FC 1934 Wiesbaden-Bierstadt"]

1. e4 c5 2. Nc3 a6 3. g3 e6 4. Bg2 Nc6 5. d3 Qc7 6. f4 g6 7. Nf3 Bg7 8. O-O d6
9. Qe1 Nge7 10. a3 Bd7 11. Nd1 Nd4 12. Nxd4 cxd4 13. c4 Bc6 14. b4 Rd8 15. f5
gxf5 16. exf5 Ng8 17. fxe6 f6 18. Qe2 Ne7 19. Qh5+ Ng6 20. Bf4 O-O 21. Bd5 Bxd5
22. Qxd5 Qe7 23. Nb2 f5 24. Bg5 Bf6 25. Rxf5 Bxg5 26. Rxg5 Rf6 27. Re1 Rdf8 28.
h4 Kh8 29. Qxd4 Ne5 30. Rgxe5 dxe5 31. Qxe5 Qg7 32. d4 Rf5 33. Qxg7+ Kxg7 34.
Nd3 Rf3 35. Nc5 Rxg3+ 36. Kh2 Rff3 37. Ne4 Rg6 38. d5 Rf4 39. Ng3 Rxh4+ 40. Kg2
Rxc4 41. e7 Rc2+ 42. Kh3 Rh6+ 43. Kg4 Rg6+ 44. Kf4 Rc4+ 45. Ke5 Kf7 46. Nf5
Rcg4 47. Rh1 Ke8 48. Rxh7 R4g5 49. Rh8+ Rg8 50. Rh6 R8g6 51. Rh3 Rg7 52. d6 Kd7
53. Rc3 Rxf5+ 54. Kxf5 Rg8 55. Kf6 Rh8 56. Rc7+ Kxd6 57. Rxb7 Kc6 58. Ra7 Kb6
59. Rd7 Rh6+ 60. Kf7 Rh7+ 1-0